000 00321nam a22001337a 4500
020 _a978-1-4462-6019-7
082 _a001.42
100 _aGray, David E.
245 _aDoing Research in the Real World
250 _a3rd
260 _aLondon:
_bSAGEPublications,
_c2014
300 _axxi, 729p.: ill.; 24cm
942 _cBK
999 _c22174
_d22174